[Event "Nordic-ch U18 Gp-E"]
[Site "Bifrost"]
[Date "2013.02.09"]
[Round "3"]
[White "Flaesen, Aleksander"]
[Black "Fjallheim, Leif Reinert"]
[Result "1-0"]
[WhiteElo "643"]
[BlackElo "1000"]
[PlyCount "59"]
[EventDate "2013.02.08"]
[EventType "swiss"]
[EventRounds "6"]
[EventCountry "ISL"]
[SourceTitle "EXT 2014"]
[Source "ChessBase"]
[SourceDate "2013.11.20"]
[SourceVersion "1"]
[SourceVersionDate "2013.11.20"]
[SourceQuality "1"]

1. c4 Nf6 2. Nc3 d6 3. g3 Nc6 4. Bg2 Bd7 5. e3 g6 6. Nge2 Bg7 7. d4 0-0 8. 0-0 Bg4 9. h3 Bf5 10. e4 Bd7 11. Be3 e5 12. d5 Nb4 13. a3 Na6 14. Qd2 Qc8 15. Kh2 c5 16. Bh6 Bxh6 17. Qxh6 b6 18. f4 exf4 19. Rxf4 Nh5 20. Rh4 f5 21. Nf4 Be8 22. Bf3 Qd7 23. Nxh5 gxh5 24. Qg5+ Kh8 25. Bxh5 fxe4 26. Nxe4 Rf5 27. Qg4 Bxh5 28. Rxh5 Raf8 29. Rf1 Rxh5 30. Rxf8# 1-0